Arte precolombino
Guardat en:
| Format: | Llibre |
|---|---|
| Idioma: | espanyol italià portuguès anglès |
| Publicat: |
Florencia
Scala Group
2011
|
| Col·lecció: | Pocket Visual Encyclopedia
|
| Matèries: | |
| Etiquetes: |
Afegir etiqueta
Sense etiquetes, Sigues el primer a etiquetar aquest registre!
|
MARC
| LEADER | 00000cam a2200000 a 4500 | ||
|---|---|---|---|
| 001 | UCF0174 | ||
| 003 | CL-VaPUC | ||
| 008 | 120427e20110000IT |||||||||||||||||spa|d | ||
| 020 | |a 9788866370666 | ||
| 041 | 0 | 7 | |a spa |2 CL-VaPUC |
| 041 | 0 | 7 | |a ita |2 CL-VaPUC |
| 041 | 0 | 7 | |a por |2 CL-VaPUC |
| 041 | 0 | 7 | |a eng |2 CL-VaPUC |
| 082 | 0 | 4 | |a 709.01 |b ART |2 21 |
| 245 | 1 | 0 | |a Arte precolombino |
| 246 | 1 | 0 | |a Arte precolombiana |
| 246 | 1 | 0 | |a Arte pré-colombiana |
| 246 | 1 | 0 | |a Precolumbian Art |
| 300 | |a 253 p | ||
| 942 | |c BK | ||
| 945 | |d 20120427 00:00:00 |a dcastane | ||
| 260 | |a Florencia |b Scala Group |c 2011 | ||
| 650 | 0 | |a Arte precolombino |9 330955 | |
| 650 | 0 | |a Arqueología |9 265619 | |
| 650 | 0 | |a Culturas precolombinas |9 408769 | |
| 651 | 7 | |a AMERICA DEL NORTE |2 CL-VaPUC |9 311278 | |
| 651 | 0 | |a México |9 255269 | |
| 651 | 0 | |a Antillas |9 323642 | |
| 651 | 0 | |a América Central |9 255026 | |
| 583 | |a last modification |c 20120910 08:46:26 |k Rodrigo Vera | ||
| 490 | 0 | |a Pocket Visual Encyclopedia | |
| 999 | |c 347654 |d 347652 | ||